<?xml version="1.0" encoding="UTF-8"?>
<record
    xmlns:xsi="http://www.w3.org/2001/XMLSchema-instance"
    xsi:schemaLocation="http://www.loc.gov/MARC21/slim http://www.loc.gov/standards/marcxml/schema/MARC21slim.xsd"
    xmlns="http://www.loc.gov/MARC21/slim">

  <leader>01281nam1a2200397 i 4500</leader>
  <controlfield tag="001">RU\NLR\bibl\402414</controlfield>
  <controlfield tag="005">20240920011925.0</controlfield>
  <datafield tag="035" ind1=" " ind2=" ">
    <subfield code="a">(NLR Aleph) 000396564</subfield>
  </datafield>
  <datafield tag="090" ind1=" " ind2=" ">
    <subfield code="a">548634</subfield>
    <subfield code="c">548634</subfield>
  </datafield>
  <datafield tag="100" ind1=" " ind2=" ">
    <subfield code="a">20030526g20029999u  y0rusy50      ca</subfield>
  </datafield>
  <datafield tag="101" ind1="0" ind2=" ">
    <subfield code="a">rus</subfield>
  </datafield>
  <datafield tag="102" ind1=" " ind2=" ">
    <subfield code="a">RU</subfield>
  </datafield>
  <datafield tag="105" ind1=" " ind2=" ">
    <subfield code="a">y   |||||||||</subfield>
  </datafield>
  <datafield tag="200" ind1="1" ind2=" ">
    <subfield code="a">&#x414;&#x443;&#x445;&#x43E;&#x432;&#x435;&#x43D;&#x441;&#x442;&#x432;&#x43E; &#x422;&#x432;&#x435;&#x440;&#x441;&#x43A;&#x43E;&#x439; &#x435;&#x43F;&#x430;&#x440;&#x445;&#x438;&#x438; XVIII-&#x43D;&#x430;&#x447;&#x430;&#x43B;&#x430; XX &#x432;&#x435;&#x43A;&#x43E;&#x432;: &#x440;&#x43E;&#x434;&#x43E;&#x441;&#x43B;&#x43E;&#x432;&#x43D;&#x44B;&#x435; &#x440;&#x43E;&#x441;&#x43F;&#x438;&#x441;&#x438;</subfield>
    <subfield code="f">&#x410;. &#x412;. &#x41C;&#x430;&#x442;&#x438;&#x441;&#x43E;&#x43D;</subfield>
  </datafield>
  <datafield tag="210" ind1=" " ind2=" ">
    <subfield code="a">&#x421;&#x41F;&#x431;.</subfield>
    <subfield code="c">&#x418;&#x437;&#x434;-&#x432;&#x43E; &#x412;&#x418;&#x420;&#x414;</subfield>
    <subfield code="d">2002-</subfield>
  </datafield>
  <datafield tag="215" ind1=" " ind2=" ">
    <subfield code="d">21</subfield>
  </datafield>
  <datafield tag="463" ind1=" " ind2="0">
    <subfield code="1">001393025</subfield>
  </datafield>
  <datafield tag="463" ind1=" " ind2="0">
    <subfield code="1">001422324</subfield>
  </datafield>
  <datafield tag="463" ind1=" " ind2="0">
    <subfield code="1">001578411</subfield>
  </datafield>
  <datafield tag="463" ind1=" " ind2="0">
    <subfield code="1">001907810</subfield>
  </datafield>
  <datafield tag="463" ind1=" " ind2="0">
    <subfield code="1">0011450739</subfield>
  </datafield>
  <datafield tag="463" ind1=" " ind2="0">
    <subfield code="1">0011846531</subfield>
  </datafield>
  <datafield tag="463" ind1=" " ind2="0">
    <subfield code="1">0012055584</subfield>
  </datafield>
  <datafield tag="606" ind1=" " ind2=" ">
    <subfield code="a">&#x414;&#x443;&#x445;&#x43E;&#x432;&#x435;&#x43D;&#x441;&#x442;&#x432;&#x43E; &#x43F;&#x440;&#x430;&#x432;&#x43E;&#x441;&#x43B;&#x430;&#x432;&#x43D;&#x43E;&#x435;</subfield>
    <subfield code="x">&#x413;&#x435;&#x43D;&#x435;&#x430;&#x43B;&#x43E;&#x433;&#x438;&#x44F;</subfield>
    <subfield code="y">&#x422;&#x432;&#x435;&#x440;&#x441;&#x43A;&#x430;&#x44F; &#x433;&#x443;&#x431;&#x435;&#x440;&#x43D;&#x438;&#x44F;</subfield>
    <subfield code="9">2289915</subfield>
    <subfield code="3">RU\NLR\auth\661371474</subfield>
  </datafield>
  <datafield tag="686" ind1=" " ind2=" ">
    <subfield code="a">&#x42D;372.24-63</subfield>
  </datafield>
  <datafield tag="686" ind1=" " ind2=" ">
    <subfield code="a">&#x422;214(2)0-6</subfield>
  </datafield>
  <datafield tag="700" ind1=" " ind2="1">
    <subfield code="a">&#x41C;&#x430;&#x442;&#x438;&#x441;&#x43E;&#x43D;</subfield>
    <subfield code="b">&#x410;. &#x412;.</subfield>
    <subfield code="g">&#x410;&#x43D;&#x434;&#x440;&#x435;&#x439; &#x412;&#x438;&#x43A;&#x442;&#x43E;&#x440;&#x43E;&#x432;&#x438;&#x447;</subfield>
    <subfield code="4">070</subfield>
  </datafield>
  <datafield tag="801" ind1=" " ind2="0">
    <subfield code="a">RU</subfield>
    <subfield code="b">NLR</subfield>
    <subfield code="c">20030526</subfield>
    <subfield code="g">PSBO</subfield>
  </datafield>
  <datafield tag="801" ind1=" " ind2="1">
    <subfield code="a">RU</subfield>
    <subfield code="b">NLR</subfield>
    <subfield code="c">20030526</subfield>
  </datafield>
  <datafield tag="852" ind1=" " ind2=" ">
    <subfield code="a">NLR</subfield>
    <subfield code="j">2003-3/12072</subfield>
  </datafield>
  <datafield tag="942" ind1=" " ind2=" ">
    <subfield code="c">BOOK</subfield>
  </datafield>
  <datafield tag="980" ind1=" " ind2=" ">
    <subfield code="a">GENEAL02</subfield>
  </datafield>
  <datafield tag="980" ind1=" " ind2=" ">
    <subfield code="a">NBR</subfield>
  </datafield>
</record>
